Weltstädte basierend auf Standort A-Z auf einer Karte – #1 - Statistiken

Allgemein
  • Dieses Quiz wurde 100 mal gespielt
    42 seit der letzten Aktualisierung
  • Das Durchschnittsergebnis liegt bei 12 aus 26
Antworten auf der Karte
Die Antworten werden auf der Karte rot bzw. grün angezeigt, abhängig davon wie oft sie richtig erraten wurden.
 
Antwortstatistiken
Letter City % Korrekt
M Madrid
94%
K Kiew
75%
Z Zürich
75%
U Ulaanbaatar
67%
E Edinburgh
64%
J Johannesburg
64%
R Rabat
64%
I Islamabad
58%
Q Quito
58%
S Seattle
58%
B Bagdad
56%
W Wellington
53%
O Ottawa
44%
V Vilnius
44%
G Göteborg
42%
C Cork
36%
Y Jerewan
36%
H Ho Chi Minh Stadt
31%
D Darwin
28%
P Paramaribo
28%
N New York City
22%
T Thimphu
22%
L Luxor
19%
X Xiamen
19%
A Abidjan
14%
F Fortaleza
6%
Keine übereinstimmenden Quizze gefunden
Verteilung der Resultate
Anzahl Personen mit jedem Resultat
Perzentil nach korrekt beantworteten Fragen
Ihre Resultats-Entwicklung
Sie haben dieses Quiz seit der letzten Aktualisierung nicht gespielt